000 00694nam a2200289Ia 4500
005 20260324135113.0
008 008 260324s9999 xx 000 0 eng d
020 _a9780203901106
037 _aEBOOK
040 _aCRL
040 _beng
040 _cCRL
041 _2eng
041 _aeng
084 _qCRL
100 _aAndrea O'Reilly
_91199350
245 0 _aMothers and Sons
245 0 _bFeminism, Masculinity, and the Struggle to Raise Our Sons
260 _bTaylor and Francis
260 _c2001
365 _a
365 _b255
856 _uhttp://www.taylorfrancis.com/books/9780203901106
942 _cEBOOK
999 _c1800087
_d1800087